[Event "34th WCh U20 Girls"]
[Site "Bhubaneswar IND"]
[Date "2016.08.12"]
[Round "5.21"]
[White "Hoare, Amy"]
[Black "Santeramo, Alessia"]
[Result "0-1"]
[WhiteElo "2017"]
[BlackElo "2137"]
[EventDate "2016.08.08"]
[PlyCount "126"]

1.e4 e5 2.Nf3 Nc6 3.Bc4 Nf6 4.d3 Bc5 5.c3 O-O 6.Bb3 d5 7.Qe2 a5 8.a4 Be6 
9.Bc2 d4 10.Nbd2 Ba7 11.h3 Nd7 12.Nb3 f6 13.O-O Qe8 14.Bd2 Qf7 15.Qd1 Bb6 
16.cxd4 exd4 17.Ne1 f5 18.Nc1 Nc5 19.exf5 Qxf5 20.Ne2 Bf7 21.Ng3 Qd7 22.
Nf3 Bd5 23.Ne4 Nb4 24.Bxb4 axb4 25.Nxc5 Bxc5 26.Bb3 Ra6 27.Rc1 Kh8 28.Ne5 
Qd6 29.Bxd5 Qxd5 30.Qh5 Kg8 31.Rce1 Re6 32.f4 Bd6 33.Re4 Bxe5 34.fxe5 
Rxf1+ 35.Kxf1 c5 36.Kg1 c4 37.Qf5 g6 38.Qf4 c3 39.Rxd4 Qc5 40.bxc3 bxc3 
41.Kh2 Qf8 42.Qh4 c2 43.Rd7 h5 44.Qc4 Kh8 45.Qxc2 Qf4+ 46.Kg1 Rc6 47.Qxc6 
bxc6 48.d4 c5 49.dxc5 Qe3+ 50.Kh1 Qe1+ 51.Kh2 Qxe5+ 52.Kh1 Qxc5 53.Kh2 
Qe5+ 54.Kh1 Qa1+ 55.Kh2 Qxa4 56.Rf7 g5 57.Kh1 Qc4 58.Rd7 g4 59.hxg4 hxg4 
60.Kh2 Qf4+ 61.Kg1 g3 62.Rd1 Qe3+ 63.Kh1 Qh6+ 0-1

[Event "34th WCh U20 Girls"]
[Site "Bhubaneswar IND"]
[Date "2016.08.12"]
[Round "5.22"]
[White "Bala Kannamma, P."]
[Black "Kakulidis, Ellen"]
[Result "1-0"]
[WhiteElo "2039"]
[BlackElo "1989"]
[EventDate "2016.08.08"]
[PlyCount "87"]

1.e4 c5 2.Nf3 e6 3.d4 cxd4 4.Nxd4 Nc6 5.Nc3 Qc7 6.Be3 a6 7.a3 Nf6 8.Be2 b5
9.Nxc6 Qxc6 10.e5 Nd5 11.Nxd5 exd5 12.Bf3 Bb7 13.O-O Be7 14.Qd2 O-O 15.
Rad1 Qc7 16.Bf4 d6 17.exd6 Bxd6 18.Bxd6 Qxd6 19.Bxd5 Bxd5 20.Qxd5 Qf6 21.
Qd4 Qc6 22.c3 Rfe8 23.h3 g6 24.Rfe1 Re6 25.Rxe6 Qxe6 26.Qd5 Re8 27.Qxe6 
Rxe6 28.Kf1 Kf8 29.Rd3 h5 30.Re3 Rc6 31.Ke2 Rf6 32.Re5 Rd6 33.Re4 Rf6 34.
a4 bxa4 35.Rxa4 Ke7 36.Rd4 Rb6 37.b4 Rb5 38.Kd3 Rf5 39.f4 Rb5 40.Kc4 Ke6 
41.Kb3 Rb8 42.c4 Rc8 43.Ka4 Ke7 44.Ka5 1-0

[Event "34th WCh U20 Girls"]
[Site "Bhubaneswar IND"]
[Date "2016.08.12"]
[Round "5.23"]
[White "Hiebler, Laura"]
[Black "Ayinala, Shree"]
[Result "1-0"]
[WhiteElo "2110"]
[BlackElo "1464"]
[EventDate "2016.08.08"]
[PlyCount "99"]

1.e4 c5 2.Nf3 d6 3.d4 cxd4 4.Nxd4 Nf6 5.f3 g6 6.c4 Bg7 7.Nc3 O-O 8.Be3 Nc6
9.Qd2 Bd7 10.Be2 Rc8 11.O-O a6 12.Rac1 Nxd4 13.Bxd4 Rb8 14.Rfd1 b5 15.b3 
b4 16.Nd5 Nxd5 17.Bxg7 Kxg7 18.Qxd5 Be6 19.Qd4+ Kg8 20.c5 dxc5 21.Qxc5 Qb6
22.Qxb6 Rxb6 23.Rc7 Rfb8 24.Rxe7 Rc6 25.Rd2 Rbc8 26.Kf2 Rc2 27.Ke3 R8c3+ 
28.Bd3 Rc1 29.Ra7 Bc8 30.Ke2 Rc6 31.Bc4 Be6 32.Bxa6 Ra1 33.Bb5 Rcc1 34.
Ra8+ Kg7 35.Rad8 Rc5 36.Ba4 f5 37.Bd7 Bf7 38.exf5 Re5+ 39.Kf2 gxf5 40.Rb8 
Ra5 41.Ba4 Kg6 42.Rxb4 Kg5 43.Rb5 Ra6 44.Re5 Rc1 45.Bd7 Rf6 46.g4 Bg6 47.
Bxf5 Bxf5 48.Rxf5+ Rxf5 49.gxf5 Kxf5 50.Rb2 1-0

[Event "34th WCh U20 Girls"]
[Site "Bhubaneswar IND"]
[Date "2016.08.12"]
[Round "5.24"]
[White "Thomas, Anysia"]
[Black "Mendoza, Shania Mae"]
[Result "1/2-1/2"]
[WhiteElo "2049"]
[BlackElo "2191"]
[EventDate "2016.08.08"]
[PlyCount "87"]

1.d4 Nf6 2.c4 g6 3.Nc3 Bg7 4.e4 d6 5.Bd3 O-O 6.Nge2 e5 7.d5 a5 8.O-O Na6 
9.a3 Nc5 10.Bc2 b6 11.Rb1 Kh8 12.b4 Ncd7 13.Bg5 h6 14.Bd2 Ng8 15.Ng3 Ndf6 
16.Bd3 Ne7 17.Qc1 Nfg8 18.c5 bxc5 19.bxc5 c6 20.cxd6 Qxd6 21.Bc4 Ba6 22.
Bxa6 Rxa6 23.Rd1 Rc8 24.Qb2 Kh7 25.Qb7 Raa8 26.dxc6 Qxc6 27.Nd5 Rcb8 28.
Qxc6 Nxc6 29.Rbc1 Nd4 30.Rc7 Rb3 31.a4 Rab8 32.Bxa5 Rb1 33.Rcc1 Rxc1 34.
Rxc1 Ra8 35.Bb6 Rxa4 36.h4 Ne6 37.Rc8 h5 38.Be3 Nf6 39.f3 Ra2 40.Bg5 Ng8 
41.Rb8 Bh6 42.Bxh6 Nxh6 43.Nf1 Kg7 44.Nfe3 1/2-1/2

[Event "34th WCh U20 Girls"]
[Site "Bhubaneswar IND"]
[Date "2016.08.12"]
[Round "5.25"]
[White "Choladze, Mariami"]
[Black "Barbier, Astrid"]
[Result "1/2-1/2"]
[WhiteElo "2077"]
[BlackElo "1853"]
[EventDate "2016.08.08"]
[PlyCount "60"]

1.e4 c5 2.Nf3 g6 3.c3 Bg7 4.d4 cxd4 5.cxd4 d5 6.exd5 Nf6 7.Bb5+ Bd7 8.Bc4 
O-O 9.O-O b5 10.Bb3 Na6 11.Bf4 Bc8 12.Ne5 Bb7 13.Nc6 Qd7 14.Re1 Bxc6 15.
dxc6 Qxc6 16.Rxe7 Nd5 17.Bxd5 Qxd5 18.Be5 b4 19.Qb3 Qd8 20.Bxg7 Qxe7 21.
Be5 Rfd8 22.Nd2 Qe6 23.Ne4 Qxb3 24.axb3 Nb8 25.Nf6+ Kf8 26.Nxh7+ Kg8 27.
Nf6+ Kf8 28.Nh7+ Kg8 29.Nf6+ Kf8 30.Nh7+ Kg8 1/2-1/2

[Event "34th WCh U20 Girls"]
[Site "Bhubaneswar IND"]
[Date "2016.08.12"]
[Round "5.26"]
[White "Gamage, Nethmi Nirasha"]
[Black "Vantika, Agrawal"]
[Result "0-1"]
[WhiteElo "1559"]
[BlackElo "1974"]
[EventDate "2016.08.08"]
[PlyCount "60"]

1.d4 Nf6 2.c4 g6 3.Nc3 Bg7 4.e4 d6 5.f3 O-O 6.Bg5 Nbd7 7.Qd2 c5 8.d5 a6 9.
g4 b5 10.h4 h5 11.O-O-O Qa5 12.Kb1 bxc4 13.Be2 Rb8 14.Rc1 Ne5 15.gxh5 Nxh5
16.Bxe7 Re8 17.Bxd6 Rb6 18.Bc7 Rxb2+ 19.Qxb2 Qxc7 20.Qd2 Qa5 21.Rc2 Bd7 
22.Kc1 Kh7 23.Kd1 Bh6 24.Qe1 Nd3 25.Bxd3 cxd3 26.Rb2 d2 27.Rxd2 Qxc3 28.
Rg2 Qd3+ 29.Rd2 Ba4+ 30.Kc1 Qc3+ 0-1

[Event "34th WCh U20 Girls"]
[Site "Bhubaneswar IND"]
[Date "2016.08.12"]
[Round "5.27"]
[White "Gomez Barrera, Javiera Belen"]
[Black "Omurbekova, Diana"]
[Result "0-1"]
[WhiteElo "2055"]
[BlackElo "1886"]
[EventDate "2016.08.08"]
[PlyCount "106"]

1.e4 g6 2.d4 Bg7 3.Nc3 d6 4.Be3 a6 5.Qd2 Nd7 6.h4 h5 7.Nh3 b5 8.Ng5 Nh6 9.
f3 c5 10.dxc5 Nxc5 11.O-O-O Qa5 12.Kb1 Bxc3 13.Qxc3 Qxc3 14.bxc3 Na4 15.
Bd2 f6 16.Nh3 Be6 17.Nf4 Bf7 18.Be1 Rc8 19.Nd5 Bxd5 20.Rxd5 Nxc3+ 21.Bxc3 
Rxc3 22.a4 Kd7 23.axb5 e6 24.Rd3 Rxd3 25.Bxd3 axb5 26.Bxb5+ Ke7 27.c4 Nf7 
28.Kb2 Ra8 29.Rc1 Ne5 30.Rc3 g5 31.hxg5 fxg5 32.Ra3 Rxa3 33.Kxa3 h4 34.c5 
dxc5 35.Be2 Ng6 36.Kb3 Nf4 37.Bf1 Kd6 38.Kc4 Nh5 39.Be2 Nf6 40.Bd1 Nd7 41.
Kd3 Ne5+ 42.Ke3 Nc4+ 43.Kf2 Ke5 44.Be2 Na3 45.Ke3 Nc2+ 46.Kd2 Nd4 47.Bc4 
Kf4 48.Bf1 Kg3 49.Ke3 e5 50.Kd2 Kf2 51.Bd3 Kxg2 52.Ke3 h3 53.f4 gxf4+ 0-1

[Event "34th WCh U20 Girls"]
[Site "Bhubaneswar IND"]
[Date "2016.08.12"]
[Round "5.28"]
[White "Minaud, Emily"]
[Black "Albekova, Dilyara"]
[Result "0-1"]
[WhiteElo "1721"]
[BlackElo "1732"]
[EventDate "2016.08.08"]
[PlyCount "58"]

1.e4 d5 2.exd5 Nf6 3.d4 Nxd5 4.Bc4 g6 5.Qf3 Be6 6.Nc3 c6 7.Nge2 Bg7 8.Bb3 
O-O 9.h4 h5 10.Bd2 Bg4 11.Qd3 Nb4 12.Qc4 N8a6 13.Nf4 b5 14.Qf1 Qxd4 15.f3 
Bf5 16.O-O-O Nc5 17.Be1 Nxb3+ 18.axb3 Qxf4+ 19.Bd2 Qc7 20.Ne4 Qa5 21.Bxb4 
Qxb4 22.Qe2 a5 23.c3 Qxb3 24.Nc5 Qa2 25.Ne4 Bh6+ 26.Ng5 Bxg5+ 27.hxg5 Qb1+
28.Kd2 Qxb2+ 29.Ke1 Qxe2+ 0-1

[Event "34th WCh U20 Girls"]
[Site "Bhubaneswar IND"]
[Date "2016.08.13"]
[Round "6.1"]
[White "Saduakasova, Dinara"]
[Black "Dordzhieva, Dinara"]
[Result "1/2-1/2"]
[WhiteElo "2423"]
[BlackElo "2304"]
[EventDate "2016.08.08"]
[PlyCount "60"]

1.d4 Nf6 2.c4 e6 3.Nf3 d5 4.g3 dxc4 5.Bg2 c6 6.Ne5 c5 7.Na3 cxd4 8.Naxc4 
Bc5 9.O-O O-O 10.b4 Bxb4 11.Rb1 Bc5 12.Bg5 Nbd7 13.Qc1 Nb6 14.Na5 Bd6 15.
Bxb7 Bxe5 16.Bxa8 Nxa8 17.Nc6 Qc7 18.Rb5 Nd5 19.Rc5 Bd6 20.Ne7+ Bxe7 21.
Rxc7 Bxg5 22.Qxg5 Naxc7 23.Qe5 Nb5 24.Rd1 Ba6 25.Kg2 Rc8 26.a4 Nbc3 27.Rd2
Bb7 28.Kh3 Nxa4 29.Qxd4 Nab6 30.Ra2 f6 1/2-1/2

[Event "34th WCh U20 Girls"]
[Site "Bhubaneswar IND"]
[Date "2016.08.13"]
[Round "6.2"]
[White "Frayna, Janelle Mae"]
[Black "Nandhidhaa, Venkatachalam"]
[Result "1/2-1/2"]
[WhiteElo "2292"]
[BlackElo "2151"]
[EventDate "2016.08.08"]
[PlyCount "81"]

1.d4 d5 2.c4 e6 3.Nf3 Nf6 4.Nc3 Be7 5.Bf4 O-O 6.e3 Nbd7 7.c5 Nh5 8.Bd3 
Nxf4 9.exf4 b6 10.b4 a5 11.a3 c6 12.O-O Bb7 13.Qe2 Bf6 14.Qc2 g6 15.Rab1 
Qc7 16.g3 axb4 17.axb4 Ba6 18.Ra1 Qb7 19.Kg2 Bxd3 20.Qxd3 Rxa1 21.Rxa1 Ra8
22.Rxa8+ Qxa8 23.Nd1 Qa4 24.Ne3 b5 25.Qd2 Nb8 26.Qb2 Na6 27.Nc2 Bg7 28.Ne5
Nb8 29.Nf3 Kf8 30.Ne3 Na6 31.Nc2 Ke7 32.h4 f6 33.Kg1 Kf7 34.Kg2 Nb8 35.Ne3
Na6 36.Nc2 Nb8 37.Ne3 Nd7 38.Nc2 Kg8 39.Kg1 Kf7 40.Kg2 Kg8 41.Nce1 1/2-1/2

[Event "34th WCh U20 Girls"]
[Site "Bhubaneswar IND"]
[Date "2016.08.13"]
[Round "6.3"]
[White "Pratyusha, Bodda"]
[Black "Priyanka, K."]
[Result "0-1"]
[WhiteElo "2329"]
[BlackElo "2048"]
[EventDate "2016.08.08"]
[PlyCount "126"]

1.d4 Nf6 2.c4 g6 3.Nc3 Bg7 4.e4 d6 5.Be2 O-O 6.Nf3 e5 7.O-O Nc6 8.Be3 Ng4 
9.Bg5 f6 10.Bc1 f5 11.Bg5 Bf6 12.Bxf6 Nxf6 13.d5 Ne7 14.Nd2 f4 15.c5 g5 
16.cxd6 cxd6 17.h3 Ng6 18.Rc1 Rf7 19.Re1 Nh4 20.Nf1 h5 21.Nh2 g4 22.hxg4 
hxg4 23.g3 f3 24.gxh4 fxe2 25.Qd2 Rg7 26.Rxe2 Nh5 27.Qh6 Nf4 28.Re3 Rg6 
29.Qxg6+ Nxg6 30.Rg3 Qxh4 31.Nb5 Nf4 32.Rxc8+ Rxc8 33.Rxg4+ Qxg4+ 34.Nxg4 
Rc2 35.Nxa7 Ne2+ 36.Kg2 Nd4 37.a4 Kf7 38.b3 Ke7 39.Ne3 Rc3 40.b4 Kd7 41.b5
Rc5 42.Ng4 Kc7 43.Nf6 Kb6 44.Nc6 bxc6 45.Nd7+ Kc7 46.Nxc5 dxc5 47.bxc6 Nb3
48.Kf3 Nd2+ 49.Ke3 Nc4+ 50.Ke2 Kb6 51.Kd3 Nd6 52.f4 exf4 53.e5 c4+ 54.Kd4 
f3 55.exd6 f2 56.a5+ Kb5 57.d7 f1=Q 58.d8=Q Qf4+ 59.Kc3 Qe3+ 60.Kb2 Qd2+ 
61.Kb1 c3 62.Qb6+ Ka4 63.Ka1 c2 0-1

[Event "34th WCh U20 Girls"]
[Site "Bhubaneswar IND"]
[Date "2016.08.13"]
[Round "6.4"]
[White "Ivanova, Karina"]
[Black "Bivol, Alina"]
[Result "1/2-1/2"]
[WhiteElo "2129"]
[BlackElo "2362"]
[EventDate "2016.08.08"]
[PlyCount "117"]

1.d4 Nf6 2.Nf3 g6 3.g3 Bg7 4.Bg2 O-O 5.O-O d6 6.c4 Nc6 7.Nc3 Rb8 8.Bf4 a6 
9.Rc1 h6 10.d5 e5 11.Bd2 Nd4 12.Ne1 c5 13.dxc6 bxc6 14.e3 Ne6 15.Bxc6 Rxb2
16.Nd3 Rb8 17.Rb1 Rxb1 18.Qxb1 Qc7 19.Nb4 Kh8 20.Ncd5 Nxd5 21.Bxd5 Nc5 22.
f3 Bh3 23.Rc1 Rb8 24.Qc2 Bd7 25.Bc3 f5 26.Kg2 Qb6 27.Nd3 Na4 28.Bd2 Kh7 
29.e4 h5 30.h4 Qd4 31.Be1 Qb6 32.Bf2 Qd8 33.Rb1 Rxb1 34.Qxb1 fxe4 35.Bxe4 
Qe8 36.Qb4 Bf8 37.Bd5 Qc8 38.Bb7 Qe8 39.Bd5 Qc8 40.Qb7 Nc3 41.Qxc8 Bxc8 
42.Nb4 a5 43.Nc6 a4 44.Nb4 Bh6 45.Be1 Nd1 46.Kf1 Ne3+ 47.Ke2 Nf5 48.Bf2 
Bc1 49.Kd3 Bb2 50.Bc6 a3 51.Be4 Kg7 52.Kc2 Bd4 53.Bxd4 Nxd4+ 54.Kd3 Bh3 
55.Ke3 Be6 56.Bd5 Bf5 57.Be4 Be6 58.Bd5 Bf5 59.Be4 1/2-1/2

[Event "34th WCh U20 Girls"]
[Site "Bhubaneswar IND"]
[Date "2016.08.13"]
[Round "6.5"]
[White "Rodriguez Rueda, Paula Andrea"]
[Black "Vaishali, Ramesh Babu"]
[Result "1-0"]
[WhiteElo "2321"]
[BlackElo "2284"]
[EventDate "2016.08.08"]
[PlyCount "93"]

1.d4 Nf6 2.Nf3 c5 3.e3 b6 4.Bd3 Bb7 5.O-O g6 6.Nbd2 Bg7 7.c3 d5 8.Qe2 O-O 
9.dxc5 bxc5 10.e4 Nh5 11.g3 Qd7 12.exd5 Bxd5 13.Be4 Nc6 14.Nb3 Rad8 15.
Nxc5 Qg4 16.Bxd5 Rxd5 17.Qe4 Qxe4 18.Nxe4 f5 19.Ned2 e5 20.Nb3 a5 21.Rb1 
a4 22.Na1 e4 23.Ng5 Rb8 24.Be3 Ne5 25.Nc2 Nd3 26.c4 Ra5 27.b4 axb3 28.axb3
Ra2 29.Nd4 Bf8 30.Ra1 Rba8 31.Rxa2 Rxa2 32.Nge6 Ba3 33.Nb5 Bb4 34.c5 Kf7 
35.Ng5+ Ke7 36.c6 h6 37.Nh7 f4 38.c7 Rc2 39.Bb6 Ne1 40.Na7 e3 41.c8=Q Rxc8
42.Nxc8+ Kd7 43.fxe3 Kxc8 44.exf4 Kd7 45.Bf2 Nc2 46.Rc1 Na3 47.Bc5 1-0

[Event "34th WCh U20 Girls"]
[Site "Bhubaneswar IND"]
[Date "2016.08.13"]
[Round "6.6"]
[White "Michelle Catherina"]
[Black "Salonika, Saina"]
[Result "1/2-1/2"]
[WhiteElo "2205"]
[BlackElo "2131"]
[EventDate "2016.08.08"]
[PlyCount "95"]

1.c4 Nf6 2.Nc3 g6 3.e4 d6 4.g3 Bg7 5.Bg2 O-O 6.Nge2 Nc6 7.O-O e5 8.d3 Be6 
9.h3 Qc8 10.Kh2 Nd7 11.f4 f5 12.exf5 gxf5 13.Nd5 Nb6 14.Nec3 Qd7 15.a4 
Rae8 16.a5 Nc8 17.a6 Nd8 18.Qa4 c6 19.Nb4 e4 20.axb7 Qxb7 21.dxe4 Bxc4 22.
Re1 fxe4 23.Rxe4 Rxe4 24.Bxe4 d5 25.Bg2 Rf7 26.Bd2 Nb6 27.Qc2 Ne6 28.Re1 
Nd4 29.Re8+ Rf8 30.Rxf8+ Bxf8 31.Qd1 Bxb4 32.Nxd5 Nxd5 33.Bxb4 Nxb4 34.
Qxd4 Bd5 35.Bxd5+ Nxd5 36.h4 Qe7 37.Qc4 Qf6 38.b4 Kg7 39.Qc5 Qb2+ 40.Kh3 
Qxb4 41.Qxa7+ Qe7 42.Qd4+ Kh6 43.f5 Qe2 44.Qc5 Qe4 45.Qf8+ Kh5 46.Qf7+ Kh6
47.Qf8+ Kh5 48.Qf7+ 1/2-1/2

[Event "34th WCh U20 Girls"]
[Site "Bhubaneswar IND"]
[Date "2016.08.13"]
[Round "6.7"]
[White "Eswaran, Ashritha"]
[Black "Tokhiryonova, Gulrukhbegim"]
[Result "0-1"]
[WhiteElo "2226"]
[BlackElo "2328"]
[EventDate "2016.08.08"]
[PlyCount "76"]

1.e4 e5 2.Nf3 Nc6 3.Bb5 a6 4.Ba4 Nf6 5.d3 Bc5 6.O-O d6 7.c3 O-O 8.Nbd2 Ba7
9.Re1 Ng4 10.Re2 f5 11.h3 Nf6 12.Nf1 Nh5 13.Ng5 Qf6 14.Rc2 Qg6 15.Bb3+ Kh8
16.Be6 Nf4 17.Bxf4 exf4 18.Bxc8 Raxc8 19.h4 fxe4 20.Nxe4 f3 21.g3 h6 22.b4
Ne5 23.Nh2 Rce8 24.Rd2 Ng4 25.Nxg4 Qxg4 26.Kh2 g5 27.Qf1 d5 28.Nc5 Bxc5 
29.bxc5 Re2 30.Rad1 gxh4 31.Qh3 hxg3+ 32.Qxg3 Qh5+ 33.Qh3 Qe5+ 34.Qg3 Rf4 
35.Rxe2 fxe2 36.Rg1 Rxf2+ 37.Kh3 Qxg3+ 38.Kxg3 Rf1 0-1

[Event "34th WCh U20 Girls"]
[Site "Bhubaneswar IND"]
[Date "2016.08.13"]
[Round "6.8"]
[White "Harshita, Guddanti"]
[Black "Stiazhkina, Anna"]
[Result "0-1"]
[WhiteElo "2180"]
[BlackElo "2315"]
[EventDate "2016.08.08"]
[PlyCount "62"]

1.e4 e5 2.Nf3 Nc6 3.Bb5 a6 4.Ba4 Nf6 5.O-O Bc5 6.c3 b5 7.Bb3 d6 8.d4 Bb6 
9.a4 Rb8 10.axb5 axb5 11.Na3 Bg4 12.Nxb5 O-O 13.Re1 Bxf3 14.gxf3 Nh5 15.
Kh1 Qf6 16.Rg1 Nf4 17.Be3 Ne7 18.Ra6 Ne6 19.Bc4 Ng6 20.Rg3 Ngf4 21.Bf1 g6 
22.b4 Ra8 23.dxe5 dxe5 24.Rxa8 Rxa8 25.Bc4 Rd8 26.Qe1 Bxe3 27.fxe3 Nh5 28.
Kg2 Nxg3 29.hxg3 c6 30.Na3 Ng5 31.Qe2 Qd6 0-1

[Event "34th WCh U20 Girls"]
[Site "Bhubaneswar IND"]
[Date "2016.08.13"]
[Round "6.9"]
[White "Leonardi, Caterina"]
[Black "Buksa, Natalia"]
[Result "0-1"]
[WhiteElo "2061"]
[BlackElo "2261"]
[EventDate "2016.08.08"]
[PlyCount "90"]

1.d4 d5 2.c4 e6 3.Nf3 Nf6 4.Bg5 Be7 5.Nc3 O-O 6.e3 h6 7.Bh4 Ne4 8.Bxe7 
Qxe7 9.Bd3 Nxc3 10.bxc3 dxc4 11.Bxc4 b6 12.e4 Bb7 13.Qd3 c5 14.O-O cxd4 
15.cxd4 Nc6 16.a3 Rfd8 17.Rfd1 Qf6 18.d5 exd5 19.Bxd5 Ne7 20.e5 Qf4 21.
Bxb7 Rxd3 22.Rxd3 Re8 23.Rd7 Qa4 24.Rad1 Qxa3 25.Be4 Qb4 26.Bc2 a5 27.h4 
b5 28.R1d4 Qc5 29.Bb3 a4 30.Ba2 b4 31.Bb1 b3 32.Nd2 Qc1+ 33.Kh2 Qc6 34.Be4
Qb5 35.f4 Kf8 36.Ra7 Nc6 37.Bxc6 Qxc6 38.Rdd7 Qe6 39.Rd6 Qg4 40.g3 b2 41.
Rdd7 Rb8 42.Rxf7+ Kg8 43.e6 Qe2+ 44.Kh3 Qxe6+ 45.f5 Qxf7 0-1

[Event "34th WCh U20 Girls"]
[Site "Bhubaneswar IND"]
[Date "2016.08.13"]
[Round "6.10"]
[White "Injac, Teodora"]
[Black "Parnali, S. Dharia"]
[Result "1/2-1/2"]
[WhiteElo "2252"]
[BlackElo "2203"]
[EventDate "2016.08.08"]
[PlyCount "101"]

1.d4 d5 2.Nf3 Nf6 3.c4 e6 4.Bg5 Be7 5.e3 h6 6.Bh4 c5 7.dxc5 Bxc5 8.Nc3 Bb4
9.Qc2 g5 10.Bg3 Nc6 11.Ne5 Ne4 12.Bd3 Nxg3 13.Nxc6 bxc6 14.hxg3 Qf6 15.Rc1
Rb8 16.a3 Bxc3+ 17.Qxc3 Qxc3+ 18.Rxc3 dxc4 19.Rxc4 Ba6 20.Rc3 Rxb2 21.Rxc6
Bxd3 22.Rc8+ Ke7 23.Rxh8 Rb1+ 24.Kd2 Rxh1 25.Kxd3 Ra1 26.Rxh6 Rxa3+ 27.Ke4
Ra4+ 28.Kd3 Ra2 29.Rh5 Rxf2 30.Rxg5 Ra2 31.g4 Kf6 32.Rb5 a5 33.g5+ Kg6 34.
Ke4 a4 35.Kf3 a3 36.Ra5 Ra1 37.Kg3 Kh5 38.Kf4 a2 39.Ke4 Kg4 40.g6 fxg6 41.
Ke5 Kg3 42.Kxe6 Kxg2 43.e4 g5 44.Kf5 Kh3 45.Kxg5 Rg1+ 46.Kf5 a1=Q 47.Rxa1 
Rxa1 48.e5 Kh4 49.e6 Rf1+ 50.Kg6 Rg1+ 51.Kf7 1/2-1/2

[Event "34th WCh U20 Girls"]
[Site "Bhubaneswar IND"]
[Date "2016.08.13"]
[Round "6.11"]
[White "Mahalakshmi, Muganda Kumar"]
[Black "Gu Tianlu"]
[Result "1/2-1/2"]
[WhiteElo "2101"]
[BlackElo "2239"]
[EventDate "2016.08.08"]
[PlyCount "218"]

1.d4 d5 2.c4 e6 3.Nc3 c6 4.e4 Bb4 5.a3 Bxc3+ 6.bxc3 Qa5 7.Bd2 Nf6 8.e5 Ne4
9.Bd3 Nxd2 10.Qxd2 dxc4 11.Bxc4 c5 12.Nf3 cxd4 13.cxd4 Qxd2+ 14.Nxd2 O-O 
15.Ne4 Nc6 16.Rd1 Na5 17.Ba2 b5 18.Nd6 Ba6 19.Rc1 Nc4 20.Bxc4 bxc4 21.Kd2 
Rfd8 22.Rb1 g6 23.Rb4 Rxd6 24.exd6 Rd8 25.Kc3 Rxd6 26.Rb8+ Kg7 27.Re1 Rd7 
28.Reb1 h5 29.R1b4 e5 30.dxe5 Rd3+ 31.Kc2 Rxa3 32.Kb2 Ra5 33.f4 g5 34.Ra8 
Bb5 35.g3 gxf4 36.gxf4 Bd7 37.Rxc4 Be6 38.Rc2 Ra4 39.Rg2+ Kh7 40.Rg5 Rxf4 
41.Rxh5+ Kg6 42.Rhh8 Kf5 43.Rxa7 Kxe5 44.h4 Kf6 45.Rh6+ Ke5 46.Ra5+ Kd6 
47.Rg5 Ke7 48.Kc3 Ra4 49.Kd2 Ra3 50.Ke2 Ra2+ 51.Kf3 Ra3+ 52.Kg2 Ra2+ 53.
Kg1 Ra1+ 54.Kh2 Ra2+ 55.Kg3 Ra3+ 56.Kf2 Ra2+ 57.Ke3 Ra3+ 58.Kd2 Ra2+ 59.
Kc3 Ra3+ 60.Kb4 Rb3+ 61.Ka4 Rb1 62.h5 Rh1 63.Rg3 Rh4+ 64.Ka3 Rh1 65.Kb2 
Rh4 66.Rg5 Rb4+ 67.Kc2 Rh4 68.Rh8 Kf6 69.Rg3 Bg4 70.h6 Bf5+ 71.Kd2 Bg6 72.
Ke3 Re4+ 73.Kf3 Rh4 74.Kf2 Rh2+ 75.Kg1 Rh4 76.Rg2 Rh3 77.Rg4 Rh5 78.Kf2 
Bf5 79.Rg3 Bg6 80.Kg1 Rh4 81.Rg2 Rh3 82.Rh2 Rxh2 83.Kxh2 Kg5 84.Kg3 f5 85.
Kf2 f4 86.h7 Kh6 87.Rf8 Bxh7 88.Rxf4 Kg7 89.Rh4 Kh8 90.Kg3 Kg7 91.Kf4 Kh8 
92.Kg5 Kg7 93.Rh2 Bg8 94.Rb2 Kh8 95.Kf6 Bh7 96.Kf7 Bg8+ 97.Kf8 Bh7 98.Rg2 
Be4 99.Rg8+ Kh7 100.Rg4 Bf5 101.Rh4+ Kg6 102.Kg8 Kf6 103.Rh6+ Ke5 104.Kf7 
Bb1 105.Ke7 Kd4 106.Rh3 Ba2 107.Kd6 Bb1 108.Rh1 Ba2 109.Ra1 Bb3 1/2-1/2

[Event "34th WCh U20 Girls"]
[Site "Bhubaneswar IND"]
[Date "2016.08.13"]
[Round "6.12"]
[White "Blagojevic, Tijana"]
[Black "Alinasab, Mobina"]
[Result "1/2-1/2"]
[WhiteElo "2267"]
[BlackElo "2199"]
[EventDate "2016.08.08"]
[PlyCount "97"]

1.e4 e6 2.d4 d5 3.Nd2 Be7 4.e5 c5 5.Qg4 Kf8 6.dxc5 Nc6 7.Ngf3 h5 8.Qg3 g5 
9.Nb3 h4 10.Qg4 Nh6 11.Qh5 f6 12.exf6 Bxf6 13.Bxg5 Nf7 14.Bxf6 Qxf6 15.Qg4
a5 16.Qa4 Qxb2 17.Bd3 Qc3+ 18.Nfd2 h3 19.gxh3 Nb4 20.a3 Nxd3+ 21.cxd3 Ne5 
22.Qf4+ Ke8 23.O-O Nxd3 24.Qd4 Qxd4 25.Nxd4 Nxc5 26.f4 Rxh3 27.N2f3 Bd7 
28.Kf2 Ne4+ 29.Ke3 Rc8 30.Rac1 Rxc1 31.Rxc1 Nd6 32.Rg1 Nc4+ 33.Kf2 Kf8 34.
Rb1 b6 35.Kg2 Rh6 36.Kg3 Ke7 37.Ne5 Nxe5 38.fxe5 Rh5 39.Nf3 b5 40.h4 Rf5 
41.Rc1 Be8 42.Rc7+ Kd8 43.Ra7 a4 44.Ra6 Ke7 45.Ra7+ Kd8 46.Ra6 Ke7 47.Ra7+
Kd8 48.Ra8+ Ke7 49.Ra7+ 1/2-1/2

[Event "34th WCh U20 Girls"]
[Site "Bhubaneswar IND"]
[Date "2016.08.13"]
[Round "6.13"]
[White "Chitlange, Sakshi"]
[Black "Kiolbasa, Oliwia"]
[Result "1-0"]
[WhiteElo "2014"]
[BlackElo "2319"]
[EventDate "2016.08.08"]
[PlyCount "75"]

1.d4 d5 2.c4 c6 3.cxd5 cxd5 4.Bf4 Nc6 5.e3 Nf6 6.Nc3 Ne4 7.Nge2 Bf5 8.Qb3 
e5 9.Bxe5 Nxe5 10.Nxe4 dxe4 11.Qb5+ Nc6 12.Qxf5 Bb4+ 13.Nc3 O-O 14.Be2 Re8
15.O-O g6 16.Qd5 Qe7 17.a3 Bd6 18.f4 exf3 19.Rxf3 Kg7 20.Ne4 Rad8 21.Nxd6 
Rxd6 22.Qc5 Re6 23.Qxe7 R8xe7 24.d5 Rxe3 25.Rxe3 Rxe3 26.Kf2 Nd4 27.Kxe3 
Nc2+ 28.Kd2 Nxa1 29.Kc3 Kf6 30.b4 Ke5 31.Bf3 f5 32.Kb2 g5 33.g3 g4 34.Bh1 
b5 35.Kxa1 h5 36.Kb2 h4 37.gxh4 f4 38.h5 1-0

[Event "34th WCh U20 Girls"]
[Site "Bhubaneswar IND"]
[Date "2016.08.13"]
[Round "6.14"]
[White "Uuriintuya, Uurtsaikh"]
[Black "Soyunlu, Narmin"]
[Result "0-1"]
[WhiteElo "2199"]
[BlackElo "2074"]
[EventDate "2016.08.08"]
[PlyCount "90"]

1.e4 e6 2.d4 d5 3.Nd2 Nc6 4.Ngf3 Nf6 5.e5 Nd7 6.Be2 f6 7.exf6 Qxf6 8.Nf1 
Bd6 9.Ne3 O-O 10.O-O Qg6 11.c4 Nf6 12.g3 Bd7 13.c5 Be7 14.a3 Ne4 15.Ng2 e5
16.dxe5 Bxc5 17.Nf4 Qf7 18.Kg2 Rad8 19.Qe1 Qf5 20.Qd1 Bc8 21.Qc2 Nxg3 22.
Qxf5 Nxf5 23.Rd1 Nfd4 24.Nxd4 Nxd4 25.Nd3 Bb6 26.Bg5 Rde8 27.Rd2 Nb3 28.
Rf1 Rf5 29.h4 Nxd2 30.Bxd2 c5 31.f4 Rf7 32.Bh5 g6 33.Bf3 Be6 34.h5 c4 35.
Nb4 Rd8 36.Nc2 d4 37.hxg6 hxg6 38.Kg3 Bf5 39.Nb4 Rfd7 40.Rh1 a5 41.Na2 Rc7
42.Rd1 c3 43.Bxc3 Bc2 44.Rd2 Bb1 45.Nc1 Re7 0-1

[Event "34th WCh U20 Girls"]
[Site "Bhubaneswar IND"]
[Date "2016.08.13"]
[Round "6.16"]
[White "Santeramo, Alessia"]
[Black "Lasya, Goli"]
[Result "0-1"]
[WhiteElo "2137"]
[BlackElo "2084"]
[EventDate "2016.08.08"]
[PlyCount "126"]

1.e4 c5 2.Nf3 d6 3.d4 Nf6 4.Bb5+ Bd7 5.Bxd7+ Nfxd7 6.d5 g6 7.O-O Bg7 8.Nc3
O-O 9.Qe2 Na6 10.Nd2 Nc7 11.f4 Rb8 12.Nf3 b5 13.Nd1 e6 14.dxe6 fxe6 15.Bd2
d5 16.Rb1 b4 17.Nf2 a5 18.Ng5 Re8 19.h4 Nb5 20.h5 Nd4 21.Qd1 Nf6 22.hxg6 
hxg6 23.c3 bxc3 24.Bxc3 Nh5 25.Qg4 Nf6 26.Qd1 Nh7 27.Nfh3 Nf8 28.Qg4 dxe4 
29.Nxe4 Qd5 30.Nhg5 a4 31.a3 Rb3 32.Rbd1 Qc6 33.Nd2 Rb7 34.Nc4 Qa6 35.Ne5 
Ne2+ 36.Kh2 Nxc3 37.bxc3 Rb2 38.Nd3 Ra2 39.Nxc5 Qc6 40.Nce4 Rxa3 41.Rd6 
Qb5 42.Rfd1 Qf5 43.Qf3 e5 44.Ng3 Qxf4 45.Qd5+ Kh8 46.Nf7+ Kh7 47.Rh1 Qh4+ 
48.Kg1 Ra1+ 49.Qd1 Rxd1+ 50.Rxd1 Qxh1+ 51.Kxh1 a3 52.Ra1 Ra8 53.Ra2 Nd7 
54.Nd6 Bf8 55.Nge4 Ra6 56.Nb5 Nb6 57.g4 Nc4 58.g5 Kg7 59.Nf6 Rb6 60.Rh2 
Kf7 61.Rf2 Rxb5 62.Nd7+ Ke8 63.Nxf8 Rb1+ 0-1

[Event "34th WCh U20 Girls"]
[Site "Bhubaneswar IND"]
[Date "2016.08.13"]
[Round "6.17"]
[White "Monnisha, Gajendra Babu Kannaiyan"]
[Black "Visanescu, Daria-Ioana"]
[Result "1/2-1/2"]
[WhiteElo "2101"]
[BlackElo "2067"]
[EventDate "2016.08.08"]
[PlyCount "90"]

1.b3 e5 2.Bb2 Nc6 3.e3 Nf6 4.Bb5 Bd6 5.Ne2 O-O 6.Nbc3 a6 7.Bxc6 dxc6 8.Ng3
Qe7 9.Qe2 e4 10.O-O-O Ba3 11.f3 a5 12.Ngxe4 Nxe4 13.fxe4 a4 14.d3 b5 15.
Nb1 axb3 16.Bxa3 b4 17.cxb3 bxa3 18.Nc3 Be6 19.Qc2 Rfb8 20.Rd2 c5 21.Re1 
c6 22.Rf2 c4 23.dxc4 Bxc4 24.Rd2 Be6 25.Kb1 Ra5 26.Ne2 c5 27.Nf4 c4 28.
Nxe6 Qxe6 29.Red1 Raa8 30.Rd5 cxb3 31.axb3 a2+ 32.Ka1 h6 33.Qd3 g6 34.h3 
Rc8 35.g4 Qc6 36.Qd2 Qb6 37.b4 Re8 38.e5 Qb8 39.Qd4 Qc8 40.Qb2 Qc4 41.b5 
Ra5 42.e6 fxe6 43.Qf6 exd5 44.Qxg6+ Kf8 45.Qf6+ Kg8 1/2-1/2

[Event "34th WCh U20 Girls"]
[Site "Bhubaneswar IND"]
[Date "2016.08.13"]
[Round "6.18"]
[White "Srija, Seshadri"]
[Black "Bala Kannamma, P."]
[Result "1-0"]
[WhiteElo "2102"]
[BlackElo "2039"]
[EventDate "2016.08.08"]
[PlyCount "77"]

1.e4 c5 2.Nf3 e6 3.c4 a6 4.Nc3 Nc6 5.a3 Nd4 6.d3 g6 7.g3 Bg7 8.Bg2 Ne7 9.
Nxd4 cxd4 10.Ne2 e5 11.h4 h5 12.Bh3 d6 13.Bxc8 Rxc8 14.Bd2 Qd7 15.Rc1 O-O 
16.Ng1 b5 17.b3 f5 18.f3 fxe4 19.fxe4 Rf7 20.Nh3 Rcf8 21.Ng5 Rf2 22.Bb4 
Bh6 23.Bd2 Rg2 24.Rf1 Rxf1+ 25.Kxf1 Rxg3 26.Kf2 Rg4 27.Qf3 Qe8 28.cxb5 
axb5 29.Qf6 Rxh4 30.Qe6+ Kg7 31.Nf3 Bxd2 32.Rc7 Be3+ 33.Ke2 Kh6 34.Nxh4 
Qf8 35.Nf3 b4 36.Qxe7 Qxe7 37.Rxe7 bxa3 38.Ra7 Bc1 39.b4 1-0